000 00970cam a22002651 4500
001 l 66000005
003 DLC
005 20260227111549.0
008 731102s1965 dcu b f000 0 eng c
010 _al 66000005
035 _a(OCoLC)733999
040 _aU.S. Dept. of Labor. Library
_cODaU
_dOCoLC
_dDLC
042 _apremarc
050 0 0 _aHD6058
_b.N69
082 _a331.702
245 0 0 _aNew approaches to counseling girls in the 1960's;
_ba report of the Midwest Regional Pilot Conference.
260 _a[Washington,
_bU.S. Govt. Print. Off.,
_c1965]
300 _aviii, 88 p.
_c23 cm.
500 _a"Cosponsored by: Women's Bureau, U.S. Dept. of Labor [and the] Office of Education, U.S. Dept. of Health, Education, and Welfare."
504 _aBibliographical footnotes.
650 0 _aCounseling.
650 0 _aWomen
_xVocational guidance
_zUnited States.
710 1 _aUnited States.
_bWomen's Bureau.
710 1 _aUnited States.
_bOffice of Education.
999 _c37242
_d37242